000 00578cam a2200217ua 4500
020 _a0 8247 1351 6
_c45.00
041 _aeng
_h
082 _a631.587
_bSHE/UR
100 _aSheaffer, John R .
245 _aUrban storm drainage management /
_cJohn R Sheaffer.
_hTextual Documents
250 _a1 /
_b.
260 _aNew York :
_bMarcel Dekker Inc. ,
_c1982.
300 _a271 ; .
365 _a45.00
504 _a
700 1 _aTaggart, William C .
700 1 _aWright, Kenneth R .
700 1 _aWright, Ruth M .
942 _cBK
999 _c7420
_d7420